| 000 | 00353nam a2200145Ia 4500 | ||
|---|---|---|---|
| 008 | 230917s9999||||xx |||||||||||||| ||und|| | ||
| 040 |
_e197310 _aMAIN |
||
| 041 | _aEnglish | ||
| 082 | _a809.3 B419F | ||
| 100 | _aBelsey, Catherine | ||
| 245 | 0 | _aFuture for criticism | |
| 260 |
_aChichester _bJohn Wiley _c2011 |
||
| 300 | _axv, 143 p. | ||
| 942 | _cBK | ||
| 999 |
_c159036 _d159036 |
||